<?xml version="1.0" encoding="UTF-8"?>
<collection xmlns="http://www.loc.gov/MARC21/slim">
<record>
  <controlfield tag="001">120361</controlfield>
  <controlfield tag="005">20221220103612.0</controlfield>
  <datafield tag="037" ind1=" " ind2=" ">
    <subfield code="a">TAZ-TFM-2022-624</subfield>
  </datafield>
  <datafield tag="041" ind1=" " ind2=" ">
    <subfield code="a">spa</subfield>
  </datafield>
  <datafield tag="100" ind1="1" ind2=" ">
    <subfield code="a">Wojtalik Hetman, Arleta Maja</subfield>
  </datafield>
  <datafield tag="242" ind1="0" ind2="0">
    <subfield code="a">Personal Tutoring in a Social and Vocational Training Centre</subfield>
  </datafield>
  <datafield tag="245" ind1="0" ind2="0">
    <subfield code="a">La Tutoría Individualizada en un Centro Sociolaboral</subfield>
  </datafield>
  <datafield tag="260" ind1=" " ind2=" ">
    <subfield code="a">Zaragoza</subfield>
    <subfield code="b">Universidad de Zaragoza</subfield>
    <subfield code="c">2022</subfield>
  </datafield>
  <datafield tag="506" ind1=" " ind2=" ">
    <subfield code="a">by-nc-sa</subfield>
    <subfield code="b">Creative Commons</subfield>
    <subfield code="c">3.0</subfield>
    <subfield code="u">http://creativecommons.org/licenses/by-nc-sa/3.0/</subfield>
  </datafield>
  <datafield tag="520" ind1=" " ind2=" ">
    <subfield code="a">España presenta un gran número de personas en riesgo de exclusión social, con complejas circunstancias que no siempre permiten acceso a un itinerario académico y/o laboral a todas las personas. La juventud de 15 a 25 años, es el colectivo más perjudicado en cuanto a las injusticias sociales.  El objetivo de las Escuelas de Segunda Oportunidad, y por consiguiente de los Centros Sociolaborales, es disminuir la brecha de acceso y favorecer a la juventud a formarse, así como reconstruirse como personas para conseguir marcarse un itinerario formativo y laboral.  La acción tutorial y la tutoría individualizada serán las encargadas de fomentar y acompañar al joven en la elaboración de su proyecto de vida mediante la reflexión de objetivos reales y viables de cara a su futuro a corto, medio y largo plazo. Este Trabajo Fin de Máster ha tenido como objetivo conocer las injusticias sociales desde la perspectiva del alumnado que asiste a un Centro Sociolaboral. A su vez, ha pretendido estudiar en profundidad las necesidades de mejora que precisa el centro en cuanto a las acciones orientadoras con el alumnado ya sea a nivel grupal como individual. Desde un diseño de estudio de caso, se ha profundizado en la realidad construida por el alumnado de un centro sociolaboral situado en un barrio de Zaragoza compuesto en su mayoría por viviendas sociales cuya población se encuentra en situación de exclusión social por pertenecer a etnia gitana, menores extranjeros no acompañados y/o refugiados de diferentes procedencias.  En el estudio han participado un total de 24 personas, de 15 a 21 años, 14 alumnos y 10 alumnas, distribuidas en dos grupos: un grupo de Escolarización Externa y un grupo de PCI Fontanería, Climatización y Calefacción. Además, se ha contado con la participación de cuatro profesores. El trabajo de campo se ha realizado a través de la observación y recogida de datos mediante entrevistas y diversas dinámicas. Los resultados han reflejado que hay muchos aspectos que mejorar en cuanto a las injusticias sociales, así como a nivel de desarrollo de las personas. Tras el análisis de dichos resultados y con las necesidades marcadas por los sujetos objeto de estudio, se ha procedido a elaborar una propuesta de innovación de la tutoría individual en la que se remarca la importancia de una buena orientación, acompañamiento y seguimiento, del alumnado a lo largo del tiempo incluso como mínimo al curso siguiente de terminar el itinerario en el Centro Sociolaboral. Este proyecto de innovación se centra en el desarrollo de la carrera, así como en la elaboración de un proyecto de vida centrado en las necesidades y posibilidades de los tutorandos. Por ello, toma espacial importancia la orientación desde la perspectiva proactiva permitiendo al alumnado construirse como persona individual y como parte de la sociedad. &lt;br /></subfield>
  </datafield>
  <datafield tag="521" ind1=" " ind2=" ">
    <subfield code="a">Máster Universitario en Profesorado de Educación Secundaria Obligatoria, Bachillerato, Formación Profesional y Enseñanza de Idiomas, Artísticas y Deportivas</subfield>
  </datafield>
  <datafield tag="540" ind1=" " ind2=" ">
    <subfield code="a">Derechos regulados por licencia Creative Commons</subfield>
  </datafield>
  <datafield tag="700" ind1=" " ind2=" ">
    <subfield code="a">Arraiz Pérez, Ana</subfield>
    <subfield code="e">dir.</subfield>
  </datafield>
  <datafield tag="710" ind1="2" ind2=" ">
    <subfield code="a">Universidad de Zaragoza</subfield>
    <subfield code="b">Ciencias de la Educación</subfield>
    <subfield code="c">Métodos de Investigación y Diagnóstico en Educ.</subfield>
  </datafield>
  <datafield tag="856" ind1="0" ind2=" ">
    <subfield code="f">564796@celes.unizar.es</subfield>
  </datafield>
  <datafield tag="856" ind1="4" ind2=" ">
    <subfield code="s">1470798</subfield>
    <subfield code="u">http://zaguan.unizar.es/record/120361/files/TAZ-TFM-2022-624.pdf</subfield>
    <subfield code="y">Memoria (spa)</subfield>
  </datafield>
  <datafield tag="909" ind1="C" ind2="O">
    <subfield code="o">oai:zaguan.unizar.es:120361</subfield>
    <subfield code="p">driver</subfield>
    <subfield code="p">trabajos-fin-master</subfield>
  </datafield>
  <datafield tag="950" ind1=" " ind2=" ">
    <subfield code="a"></subfield>
  </datafield>
  <datafield tag="980" ind1=" " ind2=" ">
    <subfield code="a">TAZ</subfield>
    <subfield code="b">TFM</subfield>
    <subfield code="c">FEDU</subfield>
  </datafield>
  <datafield tag="999" ind1=" " ind2=" ">
    <subfield code="a">20220630232001.CREATION_DATE</subfield>
  </datafield>
  <datafield tag="951" ind1=" " ind2=" ">
    <subfield code="a">deposita:2022-12-20</subfield>
  </datafield>
</record>
</collection>